Logo Biblioteca

Los guerreros de la hierba / (Registro nro. 951)

Detalles MARC
000 -LEADER
fixed length control field 01449nam a22002897a 4500
003 - CONTROL NUMBER IDENTIFIER
control field AR-RoUNCS
005 - DATE AND TIME OF LATEST TRANSACTION
control field 20260309102823.0
008 - FIXED-LENGTH DATA ELEMENTS--GENERAL INFORMATION
fixed length control field 060314s2010 ag a cr 001 jdspa
015 ## - NATIONAL BIBLIOGRAPHY NUMBER
National bibliography number AR-2010
020 ## - INTERNATIONAL STANDARD BOOK NUMBER
International Standard Book Number 978-978-04-0528-3
040 ## - CATALOGING SOURCE
Original cataloging agency AR-BaBN
Language of cataloging spa
Transcribing agency AR-RoUNCS
Description conventions aacr
044 ## - COUNTRY OF PUBLISHING/PRODUCING ENTITY CODE
MARC country code ag
ISO country code ar-c
080 1# - UNIVERSAL DECIMAL CLASSIFICATION NUMBER
Universal Decimal Classification number 82-32(82)
Edition identifier 2016
100 1# - MAIN ENTRY--PERSONAL NAME
Personal name Valentino, Esteban,
Dates associated with a name 1956-
Relator term autor
Relationship aut
245 14 - TITLE STATEMENT
Title Los guerreros de la hierba /
Statement of responsibility, etc. Esteban Valentino ; ilustraciones de Eugenia Nobati.
250 ## - EDITION STATEMENT
Edition statement 1a ed., 3a reimp.
260 ## - PUBLICATION, DISTRIBUTION, ETC.
Place of publication, distribution, etc. Ciudad Autónoma de Buenos Aires :
Name of publisher, distributor, etc. Alfaguara,
Date of publication, distribution, etc. 2010.
300 ## - PHYSICAL DESCRIPTION
Extent 79 p. :
Other physical details il. ;
Dimensions 16 cm.
490 0# - SERIES STATEMENT
Series statement Alfaguara Juvenil
520 #3 - SUMMARY, ETC.
Summary, etc. Hace muchos, pero muchos años, floreció en México una poderosa cultura de agricultores, que decayó imprevistamente trescientos años después, con el incendio de su principal centro ceremonial y urbano llamado Teotihuacán.<br/>En esos tiempos remotos transcurre esta novela. En estas páginas se narra la tierna y conmovedora historia de ese final, en la voz de un anciano que le cuenta a su nieto los sucesos que llevaron a la destrucción de la ciudad y de su pueblo: la aventura de un niño que se transformó en guerrero.
521 1# - TARGET AUDIENCE NOTE
Target audience note Edad sugerida desde los 12 años.
650 #7 - SUBJECT ADDED ENTRY--TOPICAL TERM
Source of heading or term embne
Topical term or geographic name entry element Literatura argentina
655 #7 - INDEX TERM--GENRE/FORM
Genre/form data or focus term Novelas juveniles
Source of term embne
655 #7 - INDEX TERM--GENRE/FORM
Genre/form data or focus term Novelas cortas
Source of term embne
700 1# - ADDED ENTRY--PERSONAL NAME
Personal name Nobati, Eugenia,
Dates associated with a name 1968-
Relator term ilustradora
Relationship ill
942 ## - ADDED ENTRY ELEMENTS (KOHA)
Source of classification or shelving scheme Universal Decimal Classification
Koha item type Obra General
Suppress in OPAC No
Existencias
Withdrawn status Lost status Source of classification or shelving scheme Damaged status Not for loan Collection Home library Current library Date acquired Source of acquisition Total checkouts Full call number Barcode Date last seen Price effective from Koha item type
    Universal Decimal Classification     Colección General Biblioteca Escuela de Ciencias Sociales Biblioteca Escuela de Ciencias Sociales 06/08/2024 Donación 2023   82-32(82) V161 000258 06/08/2024 06/08/2024 Obra General
Biblioteca de la Escuela Preuniversitaria en Ciencias Sociales y Humanísticas.
Riobamba 250 bis.
CP 2000 - Rosario - Santa Fe
E-Mail: biblioteca@esociales.unr.edu.ar